最不常被猜的中国地级行政区Least Guessed Prefectual-Level in China - Statistics

General Stats
  • This quiz has been taken 94 times
  • The average score is 15 of 39
Answer Stats
正答率/% 答案 % Correct
34 克孜勒苏柯尔克孜自治州
62%
27 临沧市
48%
33 乌海市
48%
35 金昌市
48%
30 铁门关市
46%
29 甘南藏族自治州
44%
33 白城市
44%
21 昆玉市
43%
27 临夏回族自治州
43%
30 胡杨河市
43%
35 新余市
43%
27 楚雄彝族自治州
41%
30 辽源市
41%
35 文山壮族苗族自治州
41%
23 定安县
40%
26 五家渠市
40%
31 白沙黎族自治县
39%
35 云林县
38%
26 崇左市
37%
32 乌兰察布市
37%
32 乐东黎族自治县
37%
33 阜新市
37%
35 临高县
37%
33 可克达拉市
35%
28 池州市
34%
30 彰化县
34%
25 昌江黎族自治县
33%
24 嘉义市
32%
26 随州市
32%
34 郴州市
32%
31 邵阳市
30%
31 双河市
30%
35 宜兰县
30%
29 巴中市
29%
25 咸宁市
28%
30 遂宁市
27%
30 广元市
27%
35 阳泉市
26%
32 凉山彝族自治州
18%
No matching quizzes found
Score Distribution
Percent of People with Each Score
Percentile by Number Answered
Your Score History
You have not taken this quiz